| 000 | 01183cam a22003493a 4500 | ||
|---|---|---|---|
| 001 | 16416149 | ||
| 003 | OSt | ||
| 005 | 20140310181946.0 | ||
| 008 | 970630s1997 nyua j 000 1 eng d | ||
| 010 | _a 97811641 | ||
| 020 |
_a0590306634 (pbk.) : _c$3.95 |
||
| 035 | _a(OCoLC)ocm37218471 | ||
| 040 |
_aEOW _cEOW _dMCU _dDLC |
||
| 050 | 0 | 0 |
_aPZ 7 _b.St859y14 1997 |
| 082 |
_aKF _bSt5gp #14 |
||
| 100 | 1 |
_aMargulies, Teddy Slater. _93953 |
|
| 245 | 1 | 0 |
_aYou can't scare me! / _cadapted by Teddy Margulies ; from the teleplay by Peter Mitchell. |
| 260 |
_aNew York : _bScholastic, _cc1997. |
||
| 300 |
_a60 p. : _bill. ; _c20 cm. |
||
| 440 | 0 |
_aGoosebumps presents ; _v14 _93954 |
|
| 500 | _a"Based on the novel by R.L. Stine." | ||
| 500 | _a"Parachute Press, Inc."--Cover. | ||
| 500 | _aOn cover: "Goosebumps presents TV book no. 14." | ||
| 541 | _j1 | ||
| 562 | _e1 | ||
| 650 | 0 |
_aHorror tales. _93763 |
|
| 655 | 7 |
_aYoung adult fiction. _2lcsh _93735 |
|
| 700 | 1 |
_aStine, R. L. _tYou can't scare me! _93955 |
|
| 710 | 2 |
_aCopyright Paperback Collection (Library of Congress) _5DLC _9705 |
|
| 906 |
_a7 _bcbc _ccopycat _d2 _encip _f19 _gy-genrareb |
||
| 942 |
_2lcc _cBK-KF _kKF |
||
| 999 |
_c7783 _d7783 |
||